000
00279 a2200121 4500
001
39675
082
_a
515.15ANT
090
_c
24695
_d
24695
100
_a
Anton Howard
245
_a
Calculus with analytic Geometry, 5/e
250
_a
5
260
_a
New York
_b
John Wiley
_c
1995
942
_a
NUST-CAE
_k
515.15ANT
999
_c
274748
_d
274748